=LDR 00000nam 2200000 4500 =001 INLIS000000000005077 =005 20251008091011 =035 ##$$a 0010-1025000132 =007 ta =008 251008###########################0#eng## =082 ##$$a 305.42 =084 ##$$a 305.42 BAD w =245 1#$$a Women, Human Rights And Democracy Making The Connections : $b - /$c Badan Koordinasi Keluarga Berencana Nasional =260 ##$$a Canada =300 ##$$a 16 hal : $b - ; $c 21 cm =650 #4$$a Keluarga Berencana =110 #$$a Badan Koordinasi Keluarga Berencana Nasional =856 ##$$a Perpustakaan Kemendukbangga